Pakistan the real picture : a compendium history course, 712 to 1995 (Record no. 5183)
[ view plain ]
| 000 -LEADER | |
|---|---|
| fixed length control field | 00499 a2200157 4500 |
| 020 ## - INTERNATIONAL STANDARD BOOK NUMBER | |
| International Standard Book Number | 9690015206 |
| 082 ## - DEWEY DECIMAL CLASSIFICATION NUMBER | |
| Classification number | 954.91 |
| 090 ## - LOCALLY ASSIGNED LC-TYPE CALL NUMBER (OCLC); LOCAL CALL NUMBER (RLIN) | |
| -- | 1224 |
| -- | 1224 |
| 100 ## - MAIN ENTRY--PERSONAL NAME | |
| Personal name | Ahmed, Rizwana Zahid. |
| 245 ## - TITLE STATEMENT | |
| Title | Pakistan the real picture : a compendium history course, 712 to 1995 |
| Statement of responsibility, etc. | Rizwana Zahid Ahmed, |
| 260 ## - PUBLICATION, DISTRIBUTION, ETC. | |
| Place of publication, distribution, etc. | Rawapindi: |
| Name of publisher, distributor, etc. | Ferozsons (Pvt) Ltd., |
| Date of publication, distribution, etc. | 1998. |
| 300 ## - PHYSICAL DESCRIPTION | |
| Extent | 371 p. ; |
| Dimensions | 24 cm. |
| 500 ## - GENERAL NOTE | |
| General note | Includes bibliographical references and index |
| 650 ## - SUBJECT ADDED ENTRY--TOPICAL TERM | |
| Topical term or geographic name entry element | Pakistan--History. |
| 942 ## - ADDED ENTRY ELEMENTS (KOHA) | |
| Koha item type | Book |
| Call number prefix | 954.91 AHM |
| Withdrawn status | Lost status | Damaged status | Not for loan | Collection code | Permanent Location | Current Location | Shelving location | Source of acquisition | Cost, normal purchase price | Total Checkouts | Full call number | Barcode | Date last seen | Price effective from | Koha item type | Date last checked out | Date acquired | Total Renewals |
|---|---|---|---|---|---|---|---|---|---|---|---|---|---|---|---|---|---|---|
| Central Library (CL) | Central Library (CL) | General Stacks | Good Book Shop, Rawalpindi | 280.00 | 954.91 AHM | SEECS000006 | 11/14/2012 | 01/05/2017 | Book | |||||||||
| Central Library (CL) | Central Library (CL) | General Stacks | Good Book Shop, Rawalpindi | 280.00 | 5 | 954.91 AHM | SEECS000008 | 10/22/2019 | 01/05/2017 | Book | 09/20/2019 | |||||||
| Central Library (CL) | Central Library (CL) | General Stacks | Good Book Shop, Rawalpindi | 280.00 | 3 | 954.91 AHM | SEECS000004 | 06/23/2021 | 01/05/2017 | Book | 06/18/2021 | 11/13/2020 | 4 | |||||
| NUST Law School (NLS) | NUST Law School (NLS) | General Stacks | Good Book Shop, Rawalpindi | 280.00 | 3 | 954.91 AHM | SEECS000005 | 10/05/2022 | 01/05/2017 | Book | 09/18/2021 | 11/18/2020 | 2 |
